| 000 | 00685nam a2200265 a 4500 | ||
|---|---|---|---|
| 001 | nice12345678 | ||
| 003 | IN_TiNIC | ||
| 005 | 20260116012306.0 | ||
| 008 | 050524s1987 dela grp 000 0 eng | ||
| 020 |
_a8120295 _c81 |
||
| 082 | 0 | 0 |
_a305.80954 _bENG |
| 100 | _aEngineer, Asghar Ali | ||
| 245 | _aEthnic Conflict in South Asia | ||
| 260 |
_aDelhi _bAjanta Publications _c1987 |
||
| 300 | _a223p | ||
| 500 | _aincludes index and biblioraphy | ||
| 505 | 2 | _aIndex | |
| 650 | _aSouth Asia-Ethnic Groups | ||
| 650 | _aIndia-Ethnic Groups | ||
| 650 | _aEthnic Conflict-India | ||
| 700 | 1 | _aEngineer, Asghar Ali | |
| 902 | _bSRS | ||
| 942 | _cBK | ||
| 999 |
_c6420 _d6420 |
||